Bienvenue à la Médiathèque de Saint-Andiol
banniere
Accueil Recherche avancée Mon compte
handi1 Rechercher dans le catalogue

Filtre   Mots-clés
  Recherche avancée
 
Lister les dernières nouveautés
 
Lister les livres GROS CARACTERES
 
Lister les périodiques (magazines)

handi1 Prout atomique

Book Cover
Auteur principal : Mr Tan
Autres auteurs : Diane Le Feyer
Titre : Prout atomique
Support : Livres
Langue : Francais
Publié : DL 2018 Editions Tourbillon Paris
Series : Mortelle Adèle
Genre : Bande Dessinée (enfants)
Collection : Mortelle Adèle
Sujets :
Étiquettes :
Pas de tags
LEADER 01338nam0a2200229 450
001 16868358
010 |a 979-10-276-0436-4  |b br.  |d 12 € 
100 |a 20260529d2026 u u0frey01 ba 
101 0 |a fre 
102 |a FR 
200 0 |a Prout atomique  |f Mr Tan  |g [dessins de] Diane Le Feyer 
207 1 |a   
210 |a Paris  |c Editions Tourbillon  |d DL 2018 
215 |a 1 vol. (77 p.)  |c ill. en coul.  |d 21 cm 
225 1 |a Mortelle Adèle  |v 14 
330 |a « Je ne sais pas pourquoi, mais les adultes ont l'air de penser que les bébés sont des êtres mignons et innocents. C'est faux ! Ce n'est pas parce qu'ils bavent partout et qu'ils ne savent pas tenir assis qu'il faut les sous-estimer ! La preuve, moi, quand j'étais bébé, j'avais déjà des idées mortelles ! » Comment Adèle est-elle devenue une adorable peste ? Facile : elle est née comme ça ! Couches nauséabondes, attaque de vomi, regards tueurs : bébé Adèle ne laisse aucun répit à ses parents, ni à ses camarades de bac à sable. Qui a dit que les bébés étaient tous des anges ? 
461 0 |t Mortelle Adèle  |v 14 
700 0 |a Mr Tan  |f 1981-....  |4 70 
702 0 |a Le Feyer  |b Diane  |f 19..-....  |4 440 
900 |a Bande Dessinée (enfants) 
901 |a Jeunesse 
995 |a Médiathèque  |c Médiathèque  |f 089021918  |h 089021918  |k BD MOR  |o p  |q j  |r az  |e Médiathèque